000 00689nam a22002537a 4500
001 135859
003 UA-OsUOA
005 20220411193230.0
007 ta
008 20190222b un ||||| |||| 00| 0 ukr d
020 _a9789664573082
040 _aUA-OsUOA
_bukr
_cUA-OsUOA
_dUA-OsUOA
041 _aukr
080 _a821.161.2
090 _a821.161.2
_bС82
100 _aСтоцький Я.
245 _aБарви долі
_bпоезії
260 _aТернопіль
_bТерно-граф
_c2017
300 _a120 с.
650 7 _a821 Художня література
_2UDC
942 _cBK
_2udc
955 _a3
999 _c415951
_d415951